lettres du clavier AZERTY 4 fois en 15 secondes - Statistiques

Statistiques générales
  • Ce quiz a été pris 6 575 fois
    6 464 depuis la dernière actualisation
  • Le résultat moyen est 33 sur 104
Statistiques - réponses
hint answer % Correct
1 A
100%
2 Z
97%
3 E
95%
4 R
94%
5 T
92%
6 Y
90%
7 U
75%
8 I
74%
9 O
73%
10 P
72%
11 Q
66%
12 S
66%
13 D
65%
14 F
65%
15 G
63%
16 H
63%
17 J
62%
18 K
61%
19 L
61%
20 M
59%
21 W
57%
23 C
56%
22 X
56%
25 B
55%
24 V
55%
26 N
54%
1 A
46%
3 E
45%
2 Z
45%
4 R
44%
5 T
43%
7 U
42%
6 Y
42%
8 I
41%
9 O
40%
10 P
39%
11 Q
37%
13 D
36%
12 S
36%
14 F
35%
15 G
34%
16 H
34%
17 J
33%
18 K
32%
19 L
32%
20 M
31%
21 W
29%
23 C
28%
22 X
28%
24 V
27%
25 B
26%
26 N
25%
1 A
23%
3 E
22%
2 Z
22%
4 R
21%
5 T
20%
6 Y
19%
8 I
18%
7 U
18%
9 O
17%
10 P
17%
11 Q
16%
13 D
15%
14 F
15%
15 G
15%
12 S
15%
16 H
14%
17 J
14%
18 K
14%
19 L
14%
20 M
13%
21 W
12%
22 X
12%
25 B
11%
23 C
11%
26 N
11%
24 V
11%
1 A
9%
3 E
8%
8 I
8%
9 O
8%
4 R
8%
5 T
8%
7 U
8%
6 Y
8%
2 Z
8%
10 P
7%
13 D
6%
14 F
6%
15 G
6%
16 H
6%
17 J
6%
18 K
6%
19 L
6%
11 Q
6%
12 S
6%
20 M
5%
25 B
4%
23 C
4%
26 N
4%
24 V
4%
21 W
4%
22 X
4%
Aucun quiz correspondant
Distribution des résultats
% des personnes avec chaque résultat
Percentile par nombre de réponses
Votre historique - résultats
Vous n’avez pas pris ce quiz depuis la dernière actualisation